Football Teams Pierre-Emerick Aubameyang Played For - Statistics

General Stats
  • This quiz has been taken 56 times
  • The average score is 7 of 9
Answer Stats
League Years Team % Correct
Germany 2013-2018 Borussia Dortmund
100%
England 2022-2023 Chelsea FC
100%
Spain 2022 FC Barcelona
98%
England 2018-2022 Arsenal FC
94%
France 2023- Olympique de Marseille
94%
France 2010-2011 AS Monaco
66%
France 2009-2010 LOSC Lille
62%
France 2011-2013 AS Saint-Étienne
58%
France 2008-2009 Dijon FCO
20%
No matching quizzes found
Score Distribution
Percent of People with Each Score
Percentile by Number Answered
Your Score History
You have not taken this quiz